000
00320nam a22001217a 4500
008
180421b xxu||||| |||| 00| 0 eng d
041
_a
eng
080
_a
043.3
100
_a
0
101
_a
SHKI-MA
245
_a
Zhvillimi i Tregtise Elektronike E-Commerce dhe Disa nga Platformat e saj
_c
Avdimetaj, B
942
_2
udc
_c
BK
999
_c
45376
_d
45376